00195nam a2200073Ia 4500008004100000082000800041100001800049245005400067240331s9999 xx 000 0 und d bRAM aRamakrishna,H 0aSanctuary :ba play in six scenes with a prologue